| 000 | 00728nam a2200229 a 4500 | ||
|---|---|---|---|
| 001 | 000011689 | ||
| 005 | 20200929162529.0 | ||
| 008 | 091023s1966 dr 001 0 spa d | ||
| 040 |
_aDO-SdBNP _bspa _cBNPHU |
||
| 082 |
_a923.1 _bL736L |
||
| 100 | 1 |
_aLudwig, Emil, _d1881-1948 _927711 |
|
| 245 | 1 | 0 |
_aLincoln / _cEmil Ludwig. |
| 250 | _a7a ed. | ||
| 260 |
_aMéxico : _bDiana, _c1966. |
||
| 300 |
_a406, [7] p. ; _c20 cm. |
||
| 500 | _aIncluye notas al pie de las páginas | ||
| 500 | _aIncluye índice nombres | ||
| 600 | 1 | 4 |
_aLINCOLN, ABRAHAM, _d1809-1965 _xBIOGRAFÍAS _927712 |
| 650 | 4 |
_aEstados unidos _xPresidente(1861-1863: lincoln) _927713 |
|
| 650 | 4 |
_aPresidentes _zEstados Unidos _xBiografías _927703 |
|
| 049 | _aBNGR | ||
| 999 |
_c11374 _d11374 |
||